DOCUMENTOS PARA LA HISTORIA DE LA PERSECUCION RELIGIOSA EN MEXICO/

Wedi'i Gadw mewn:
Manylion Llyfryddiaeth
Prif Awdur: Lara y Torres, Leopoldo (autor)
Fformat: Llyfr
Pynciau:
Tagiau: Ychwanegu Tag
Dim Tagiau, Byddwch y cyntaf i dagio'r cofnod hwn!

MARC

LEADER 00000nam^a2200000^a^4500
001 000257703
005 20250526000000.0
009 20260310110300.051
035 |a C46954 
037 |a Acervo Xavier Clavigero 
082 |a 272. LAR 
100 |a Lara y Torres, Leopoldo  |e (autor) 
245 1 0 |a DOCUMENTOS PARA LA HISTORIA DE LA PERSECUCION RELIGIOSA EN MEXICO/  |c LEOPOLDO LARA Y TORRES 
264 |a MEXICO :  |b JUS,  |c 1954 
300 |a 1104p. 
336 |a texto  |b txt  |2 rdacontenido 
337 |a sin mediación  |b n  |2 rdamedio 
338 |a volumen  |b nc  |2 rdasoporte 
649 |a XX 
650 |a Guerra Cristera 
650 |a * Persecución 
910 |a Fondo Jesús Gómez Fregoso S.J. FXC 
920 |a Impresos - Libros 
930 |a Libros Antiguos y Raros 
940 |a Guerra Cristera 
905 |a 110 
901 |a 046954  |b IT2  |c LRA  |i C46954  |u 20250526 
902 |a https://opac.biblio.iteso.mx/vufind/Record/000257703